सनातन यक्ष-प्रश्न / (Record no. 11718)
[ view plain ]
| 000 -LEADER | |
|---|---|
| fixed length control field | 01164 a2200217 4500 |
| 005 - DATE AND TIME OF LATEST TRANSACTION | |
| control field | 20080826123816.0 |
| 008 - FIXED-LENGTH DATA ELEMENTS--GENERAL INFORMATION | |
| fixed length control field | 080826t xxu||||| |||| 00| 0 hin d |
| 010 ## - LIBRARY OF CONGRESS CONTROL NUMBER | |
| LC control number | HIN-83122 |
| 020 ## - INTERNATIONAL STANDARD BOOK NUMBER | |
| Terms of availability | 95.00 |
| International Standard Book Number | 8128814850 |
| 035 ## - SYSTEM CONTROL NUMBER | |
| System control number | HN-55468 |
| 037 ## - SOURCE OF ACQUISITION | |
| Source of stock number/acquisition | पु.प्र.अ.प्र/प्रका |
| 082 ## - DEWEY DECIMAL CLASSIFICATION NUMBER | |
| Classification number | 230.64 |
| 100 ## - MAIN ENTRY--PERSONAL NAME | |
| Personal name | निशांतकेतु |
| 245 ## - TITLE STATEMENT | |
| Title | सनातन यक्ष-प्रश्न / |
| Statement of responsibility, etc | निशांतकेतु |
| 246 ## - VARYING FORM OF TITLE | |
| Title proper/short title | Sanatanayaksha-Prashna |
| Remainder of title | by Nishantketu |
| 260 ## - PUBLICATION, DISTRIBUTION, ETC. (IMPRINT) | |
| Place of publication, distribution, etc | नई दिल्ली |
| Name of publisher, distributor, etc | डायमंड पॉकेट बुक्स |
| Date of publication, distribution, etc | 2007 |
| 270 ## - ADDRESS | |
| Address | x-30, ओखला इंडस्ट्रियल एरिया, फेज-11 |
| City | नई दिल्ली |
| Postal code | 110020 |
| Telephone number | 011- 41611861 |
| Fax number | 011- 41611866 |
| Electronic mail address | sales@diamondpublication.com |
| 300 ## - PHYSICAL DESCRIPTION | |
| Extent | 192पृ |
| Dimensions | 22 सेमी (अजिल्द) |
| 942 ## - ADDED ENTRY ELEMENTS (KOHA) | |
| Institution code [OBSOLETE] | dpl |
| Koha item type | Hindi Books |
| Call number prefix | 230.64 / निशांत |
| Source of classification or shelving scheme | Dewey Decimal Classification |
| Classification part | 230.64 |
| Call number suffix | निशांत |
| Withdrawn status | Lost status | Damaged status | Not for loan | Home library | Current library | Date acquired | Cost, normal purchase price | Total Checkouts | Full call number | Barcode | Date last seen | Copy number | Uniform Resource Identifier | Cost, replacement price | Price effective from | Koha item type |
|---|---|---|---|---|---|---|---|---|---|---|---|---|---|---|---|---|
| D.B.Act.Division | D.B.Act.Division | 95.00 | 230.64 निशांत | HN-55468 | 15/09/2008 | 1 | 12833 | 95.00 | 15/09/2008 | Hindi Books |
